000
00236nam a22001097a 4500
082
_a
808.3 MOO'B
100
_a
MOOREHEAD, ALAN
_9
49077
245
_a
THE BLUE NILE
260
_a
LONDON
_b
SOUR SQUARE
_c
1969
300
_a
318P
942
_c
BK
999
_c
584495
_d
584495